[Event "GRE-chT 43rd"]
[Site "Porto Rio"]
[Date "2015.10.08"]
[Round "1.3"]
[White "Mastrovasilis, Athanasios"]
[Black "Kordis, Konstantinos"]
[Result "1-0"]
[WhiteElo "2536"]
[BlackElo "2179"]
[PlyCount "81"]
[EventDate "2015.10.08"]
[EventType "team-swiss"]
[EventRounds "7"]
[EventCountry "GRE"]
[SourceTitle "CBM 168 Extra"]
[Source "ChessBase"]
[SourceDate "2015.10.29"]
[SourceVersion "1"]
[SourceVersionDate "2015.10.29"]
[SourceQuality "1"]
[WhiteTeam "Thessaloniki"]
[BlackTeam "Glyfadas Zenon"]
[WhiteTeamCountry "GRE"]
[BlackTeamCountry "GRE"]

1. d4 Nf6 2. Nf3 g6 3. c4 Bg7 4. Nc3 0-0 5. Bf4 d6 6. e3 c5 7. d5 Qb6 8. Rb1 e5 9. Bg5 Bf5 10. Bxf6 Bxf6 11. e4 Bc8 12. h4 Bg4 13. Be2 Qd8 14. g3 Nd7 15. Nd2 Bxe2 16. Qxe2 a6 17. Kf1 Bg7 18. h5 Qg5 19. Nf3 Qe7 20. Kg2 f5 21. hxg6 hxg6 22. Nh4 Qg5 23. Nf3 Qe7 24. Nh4 Qg5 25. Qe3 f4 26. Qe2 Rf7 27. Nf3 Qe7 28. g4 Bf6 29. Rbg1 Rh7 30. Rxh7 Kxh7 31. Rh1+ Kg7 32. Qd1 Rh8 33. Rxh8 Kxh8 34. a3 Nb6 35. b3 Kg7 36. Qh1 Bg5 37. Ne2 Nd7 38. Neg1 Nf8 39. Nh3 Nh7 40. Nhxg5 Nxg5 41. Qh4 1-0

[Event "Nikaia op 23rd"]
[Site "Nikaia"]
[Date "2015.08.31"]
[Round "5"]
[White "Kordis, Konstantinos"]
[Black "Alexakis, Georgios"]
[Result "1/2-1/2"]
[WhiteElo "2205"]
[BlackElo "1907"]
[PlyCount "92"]
[EventDate "2015.08.26"]
[EventType "swiss"]
[EventRounds "9"]
[EventCountry "GRE"]
[SourceTitle "EXT 2016"]
[Source "ChessBase"]
[SourceDate "2015.10.08"]
[SourceVersion "1"]
[SourceVersionDate "2015.10.08"]
[SourceQuality "1"]

1. e4 c5 2. Nf3 d6 3. d4 cxd4 4. Nxd4 Nf6 5. Nc3 g6 6. f4 Nc6 7. Nf3 Bg7 8. e5 dxe5 9. Qxd8+ Kxd8 10. fxe5 Ng4 11. Bf4 Ngxe5 12. 0-0-0+ Bd7 13. Ng5 h6 14. Nge4 Kc8 15. Nd5 Be6 16. Bb5 Bxd5 17. Rxd5 Rd8 18. Rc5 Rd4 19. Re1 a6 20. Bxe5 Bxe5 21. c3 Bf4+ 22. Kc2 Rd8 23. Bxc6 bxc6 24. Rxc6+ Kd7 25. Rc4 Bd6 26. Rd4 Kc7 27. Nxd6 exd6 28. Rf4 Rd7 29. Rf6 Rb8 30. Ref1 Re8 31. Rxf7 Re2+ 32. Kd3 Rxg2 33. R7f2 Rg5 34. b4 Re7 35. Rf7 Kd7 36. Rxe7+ Kxe7 37. Rf2 Kd7 38. a4 Rh5 39. Rg2 g5 40. Kd4 Kc6 41. b5+ axb5 42. axb5+ Kxb5 43. Kd5 g4+ 44. Kxd6 Rg5 45. Ke6 Kc4 46. Rg3 Kc5 1/2-1/2

[Event "Nikaia Fysiolatriko op A"]
[Site "Nikaia"]
[Date "2015.06.20"]
[Round "4"]
[White "Kordis, Konstantinos"]
[Black "Beliotis, Georgios"]
[Result "1-0"]
[WhiteElo "2180"]
[BlackElo "1785"]
[PlyCount "55"]
[EventDate "2015.06.16"]
[EventType "swiss"]
[EventRounds "9"]
[EventCountry "GRE"]
[SourceTitle "EXT 2024"]
[Source "ChessBase"]
[SourceDate "2023.10.10"]
[SourceVersion "1"]
[SourceVersionDate "2023.10.10"]
[SourceQuality "1"]

1. e4 c5 2. Nf3 g6 3. c3 Bg7 4. d4 cxd4 5. cxd4 d5 6. e5 Nh6 7. h3 0-0 8. Be2 Nc6 9. Nc3 f6 10. exf6 Rxf6 11. g4 Rf8 12. Be3 Nf7 13. Qb3 e6 14. h4 Nd6 15. h5 Na5 16. Qc2 Qf6 17. hxg6 hxg6 18. Ne5 Nac4 19. Nxc4 Nxc4 20. Bxc4 dxc4 21. 0-0-0 Bd7 22. Ne4 Qe7 23. Bg5 Qb4 24. Nf6+ Rxf6 25. Bxf6 Bxf6 26. Qxg6+ Bg7 27. Rh7 Qe7 28. Rdh1 1-0

[Event "Mem Spyros Bikos 1st"]
[Site "Ilioupolis"]
[Date "2014.09.21"]
[Round "6"]
[White "Kordis, Konstantinos"]
[Black "Karaoglanis, Christos"]
[Result "1-0"]
[WhiteElo "2167"]
[BlackElo "1315"]
[PlyCount "106"]
[EventDate "2014.09.13"]
[EventType "swiss"]
[EventRounds "6"]
[EventCountry "GRE"]
[SourceTitle "EXT 2024"]
[Source "ChessBase"]
[SourceDate "2023.10.10"]
[SourceVersion "1"]
[SourceVersionDate "2023.10.10"]
[SourceQuality "1"]

1. e4 e5 2. Nf3 Nc6 3. Bc4 h6 4. 0-0 Bc5 5. b4 Bxb4 6. c3 Ba5 7. d4 d6 8. Qb3 Qe7 9. d5 Nd8 10. Qa4+ Bd7 11. Qxa5 b6 12. Qa3 Nf6 13. Bd3 0-0 14. c4 c5 15. Nc3 Bg4 16. Ne1 Qd7 17. Nc2 Nh5 18. f3 Bh3 19. gxh3 Qxh3 20. Be3 g5 21. Rf2 Kh7 22. Qc1 Rg8 23. Qf1 Nf4 24. Kh1 Qh4 25. Bxf4 gxf4 26. Rg2 Nb7 27. Qf2 Qh3 28. Rag1 Rg6 29. Rxg6 fxg6 30. Rg4 g5 31. Nb5 Qh5 32. Nc7 Rc8 33. Ne6 Qe8 34. h4 Kg6 35. Qh2 Nd8 36. hxg5 h5 37. Qxh5+ Kxh5 38. Ng7+ Kg6 39. Nxe8 Nf7 40. Nf6 Nxg5 41. Nh7 Rh8 42. Rxg5+ Kxh7 43. Rh5+ Kg7 44. Rxh8 Kxh8 45. Kg2 Kg7 46. Kh3 Kf6 47. Kh4 Kg6 48. a3 a5 49. a4 Kf6 50. Ne1 Kg6 51. Ng2 Kf6 52. Kh5 Ke7 53. Nh4 Kf6 1-0

[Event "GRE-chT 42nd"]
[Site "Porto Rio"]
[Date "2014.07.03"]
[Round "7.3"]
[White "Kordis, Konstantinos"]
[Black "Simeonidis, Ioannis"]
[Result "1/2-1/2"]
[WhiteElo "2202"]
[BlackElo "2234"]
[PlyCount "28"]
[EventDate "2014.06.28"]
[EventType "team-swiss"]
[EventRounds "7"]
[EventCountry "GRE"]
[SourceTitle "CBM 161 Extra"]
[Source "ChessBase"]
[SourceDate "2014.08.29"]
[SourceVersion "1"]
[SourceVersionDate "2014.08.29"]
[SourceQuality "1"]
[WhiteTeam "Glyfadas Zenon"]
[BlackTeam "Florinas OP"]
[WhiteTeamCountry "GRE"]
[BlackTeamCountry "GRE"]

1. e4 d5 2. exd5 Qxd5 3. Nc3 Qa5 4. d4 Nf6 5. Bc4 Bg4 6. Nge2 e6 7. 0-0 c6 8. Bd2 Qc7 9. Bf4 Qa5 10. Bd2 Qc7 11. Bf4 Qa5 12. Bd2 Qc7 13. Bf4 Qa5 14. Bd2 Qc7 1/2-1/2

[Event "GRE-chT 42nd"]
[Site "Porto Rio"]
[Date "2014.07.02"]
[Round "6.3"]
[White "Kounalakis, Evryklis"]
[Black "Kordis, Konstantinos"]
[Result "1-0"]
[WhiteElo "2190"]
[BlackElo "2202"]
[PlyCount "125"]
[EventDate "2014.06.28"]
[EventType "team-swiss"]
[EventRounds "7"]
[EventCountry "GRE"]
[SourceTitle "CBM 161 Extra"]
[Source "ChessBase"]
[SourceDate "2014.08.29"]
[SourceVersion "1"]
[SourceVersionDate "2014.08.29"]
[SourceQuality "1"]
[WhiteTeam "OFI"]
[BlackTeam "Glyfadas Zenon"]
[WhiteTeamCountry "GRE"]
[BlackTeamCountry "GRE"]

1. d4 Nf6 2. Nf3 g6 3. c3 Bg7 4. Bg5 0-0 5. Nbd2 d6 6. e4 Nbd7 7. Bc4 e5 8. dxe5 dxe5 9. 0-0 Qe7 10. Qc2 h6 11. Bh4 Re8 12. Rfd1 Nf8 13. Nf1 Bg4 14. Be2 Ne6 15. Ne3 Bxf3 16. Nd5 Qc5 17. Bxf3 Nh7 18. b4 Qf8 19. Bg4 Rac8 20. Qa4 h5 21. Bxe6 fxe6 22. Ne7+ Rxe7 23. Bxe7 Qxe7 24. Qxa7 c6 25. a4 h4 26. Qe3 Ng5 27. h3 Nf7 28. Rd3 Rd8 29. Rad1 Rxd3 30. Qxd3 Bf8 31. a5 Qd6 32. Qe2 Qe7 33. Qd3 Qd6 34. Qe2 Qe7 35. a6 bxa6 36. Qxa6 Qc7 37. Qc4 Qc8 38. b5 c5 39. Rb1 Nd6 40. Qa2 c4 41. Qa6 Qc5 42. b6 Nxe4 43. Rb2 Bd6 44. b7 Kf7 45. b8Q Bxb8 46. Qb7+ Bc7 47. Qxe4 g5 48. Qh7+ Kf6 49. Rb7 Qa3 50. Qh8+ Kg6 51. Qg8+ Kf6 52. Qh8+ Kg6 53. Qe8+ Kf6 54. Rb1 Qxc3 55. Qf8+ Kg6 56. Qe7 Ba5 57. Qxe6+ Kh5 58. Qf7+ Kh6 59. Rd1 Bb4 60. Qf6+ Kh5 61. Qf7+ Kh6 62. Kh2 Qc2 63. Rd8 1-0